Cluster Analysis of Potential Hotsposts of Discontent in the Slovak Republic

Identifikácia potenciálnych ohnísk nespokojnosti voličov na území slovenských samospráv za podobných demografických, sociálno-ekonomických a regionálnych podmienok.

Gespeichert in:
Bibliographische Detailangaben
1. Verfasser: Kuběnková, Dana, 1996-
Format: Buchkapitel
Sprache:Englisch
Schlagworte:
Tags: Tag hinzufügen
Keine Tags, Fügen Sie das erste Tag hinzu!

MARC

LEADER 00000naa$a2200000$$$4500
001 0289236
005 20240502083927.0
041 0 |a eng 
044 |a CZ 
245 1 0 |a Cluster Analysis of Potential Hotsposts of Discontent in the Slovak Republic  |c Dana Kuběnková 
520 |a Identifikácia potenciálnych ohnísk nespokojnosti voličov na území slovenských samospráv za podobných demografických, sociálno-ekonomických a regionálnych podmienok. 
610 2 0 |a klaster 
610 2 0 |a nerovnosť 
610 2 0 |a regióny 
610 2 0 |a samospráva 
610 2 0 |a samospráva regionálna 
100 1 |a Kuběnková, Dana, 1996-